[Event "Gorges - Open B"]
[Site "?"]
[Date "2017.07.09"]
[Round "5"]
[White "JANNEL, Jérome"]
[Black "JOUSSET, Jean-Michel"]
[Result "0-1"]
[WhiteElo "1454"]
[BlackElo "1333"]
[PlyCount "68"]

1. d4 d6 2. c4 Nf6 3. Nc3 g6 4. Nf3 Bg7 5. e3 O-O 6. Bd3 Re8 7. O-O e5 8. Qc2
Nc6 9. a3 Bg4 10. Nd2 exd4 11. Nd5 dxe3 12. Nxe3 Bd7 13. Nf3 Ng4 14. Rb1 Nge5
15. Be2 Nxf3+ 16. Bxf3 Nd4 17. Qd1 Nxf3+ 18. Qxf3 Bc6 19. Nd5 Qh4 20. b3 Re6
21. Be3 a6 22. Rbd1 Rae8 23. Qe2 Bxd5 24. Rxd5 Bh6 25. g3 Qe7 26. Rd3 Bxe3 27.
fxe3 Rxe3 28. Qc2 Rxd3 29. Qxd3 Qe3+ 30. Qxe3 Rxe3 31. Rb1 Re2 32. h3 f5 33.
Kf1 Rh2 34. h4 Rh1+ 0-1

[Event "Gorges - Open B"]
[Site "?"]
[Date "2017.07.09"]
[Round "5"]
[White "BONFILS, Nicolas"]
[Black "VERHILLE, Gabin"]
[Result "1-0"]
[WhiteElo "1433"]
[BlackElo "1306"]
[PlyCount "57"]

1. e4 e6 2. d4 d5 3. exd5 exd5 4. Nc3 Nf6 5. Nf3 Bb4 6. Bd2 O-O 7. Be2 b6 8. a3
Be7 9. Ne5 c5 10. Be3 Re8 11. O-O Bb7 12. Bd3 Bd6 13. f4 Nc6 14. Nxc6 Bxc6 15.
dxc5 bxc5 16. Bd2 d4 17. Ne2 Ng4 18. Ng3 Ne3 19. Bxe3 dxe3 20. Qh5 g6 21. Qe2
Qh4 22. Bb5 Bxb5 23. Qxb5 Bxf4 24. Qc4 Bxg3 25. Qxf7+ Kh8 26. hxg3 Qxg3 27. Rf3
Qe5 28. Rh3 Re7 29. Rxh7# 1-0

[Event "Gorges - Open B"]
[Site "?"]
[Date "2017.07.09"]
[Round "5"]
[White "EUGENE, Nathael"]
[Black "KNEIB, Bernard"]
[Result "0-1"]
[WhiteElo "1042"]
[BlackElo "1422"]
[PlyCount "78"]

1. d4 f5 2. Bf4 e6 3. e3 Nf6 4. Bd3 Be7 5. Nf3 O-O 6. O-O d6 7. c3 Nh5 8. Nbd2
Nxf4 9. exf4 Nd7 10. Re1 Nb6 11. Nc4 Nd5 12. Ne3 Nxf4 13. Qd2 Qe8 14. Nxf5 Nxd3
15. Qxd3 Rxf5 16. Rad1 Qf7 17. Qe3 Bd7 18. d5 e5 19. b4 Bb5 20. c4 Bxc4 21. Rc1
b5 22. Nd2 Qxd5 23. Red1 Qf7 24. Nxc4 bxc4 25. f3 Bg5 26. Qe4 d5 27. Qe2 Bxc1
28. Rxc1 c6 29. Qf2 e4 30. Qc5 Qf8 31. Qxc6 exf3 32. gxf3 Re8 33. b5 Qe7 34.
Rb1 Qe3+ 35. Kf1 Qxf3+ 36. Kg1 Rfe5 37. Rf1 Qg4+ 38. Kh1 Re1 39. Rxe1 Rxe1# 0-1

[Event "Gorges - Open B"]
[Site "?"]
[Date "2017.07.09"]
[Round "5"]
[White "LAUDEN, Pierre"]
[Black "MARTINI, Lionel"]
[Result "0-1"]
[WhiteElo "1291"]
[BlackElo "1420"]
[PlyCount "82"]

1. e4 e6 2. d4 d5 3. Nc3 Bb4 4. Bd2 Bxc3 5. Bxc3 dxe4 6. Bc4 f5 7. Qh5+ g6 8.
Qe2 Nf6 9. Nh3 Nc6 10. Nf4 Nxd4 11. Bxd4 Qxd4 12. Rd1 Qe5 13. Qe3 g5 14. Ne2 f4
15. Qc3 Qxc3+ 16. Nxc3 e5 17. O-O Bg4 18. Rd2 Rd8 19. Rxd8+ Kxd8 20. Re1 Bf5
21. Nd5 Ne8 22. h3 h5 23. Rd1 Nd6 24. Bb3 f3 25. Kh2 fxg2 26. Kxg2 h4 27. Ne3
Bd7 28. c3 Rf8 29. a4 Rf3 30. Rh1 c5 31. Bd1 Rf8 32. b3 Kc7 33. Be2 Nf5 34.
Nxf5 Bxf5 35. Re1 Bxh3+ 36. Kxh3 Rxf2 37. Bg4 Rc2 38. Re3 Rd2 39. Bf5 Rd3 40.
Rxd3 exd3 41. Bxd3 Kd6 0-1

[Event "Gorges - Open B"]
[Site "?"]
[Date "2017.07.09"]
[Round "5"]
[White "BRANCARD, Yannick"]
[Black "DESCAMPS, Serge"]
[Result "1/2-1/2"]
[WhiteElo "1330"]
[BlackElo "1263"]
[Annotator ",clffg"]
[PlyCount "77"]

1. d4 c6 2. c4 Nf6 3. Nc3 e6 4. e4 d5 5. e5 Nfd7 6. c5 b6 7. b4 Be7 8. Nf3 f6
9. Bf4 Nf8 10. Bd3 Nbd7 11. O-O f5 12. Qc2 Ng6 13. Ne2 Ndf8 14. Qd2 Nxf4 15.
Nxf4 h5 16. Nh3 Nh7 17. Nf4 Ng5 18. Be2 Ne4 19. Qc1 g5 20. Ng6 Rg8 21. Nxe7
Qxe7 22. Nd2 Nxd2 23. Qxd2 g4 24. Qf4 Qg5 25. Qxg5 Rxg5 26. f3 Ke7 27. f4 Rg7
28. g3 Bb7 29. Kg2 Rag8 30. Rac1 h4 31. a4 h3+ 32. Kg1 Rc8 33. b5 Kd8 34. Rc2
Rgc7 35. Rfc1 Kd7 36. a5 cxb5 37. Bxb5+ Bc6 38. Ba6 Rb8 39. Rb2 1/2-1/2

[Event "Gorges - Open B"]
[Site "?"]
[Date "2017.07.09"]
[Round "5"]
[White "GRIMAULT, Léane"]
[Black "KOLENDOWICZ, Udo"]
[Result "1-0"]
[WhiteElo "1317"]
[BlackElo "1235"]
[PlyCount "67"]

1. d4 c5 2. c3 e6 3. Nf3 d5 4. Bf4 b5 5. e3 a6 6. Bd3 Bd6 7. Bg3 c4 8. Bc2 Nh6
9. Nbd2 Nc6 10. Qe2 O-O 11. Ne5 Ne7 12. Bh4 Qc7 13. O-O f6 14. Nef3 Kh8 15. e4
Bf4 16. Rfe1 Bb7 17. b3 Ng6 18. Bg3 Bxg3 19. hxg3 Rae8 20. bxc4 dxc4 21. a4 f5
22. axb5 axb5 23. Ng5 f4 24. Qf3 fxg3 25. Qxg3 Qxg3 26. fxg3 Ng4 27. Rf1 Ne3
28. Rxf8+ Rxf8 29. Bb1 Re8 30. Ra7 h6 31. Nf7+ Kh7 32. Rxb7 Rf8 33. e5 Kg8 34.
Bxg6 1-0

[Event "Gorges - Open B"]
[Site "?"]
[Date "2017.07.09"]
[Round "5"]
[White "DELALANDE, François"]
[Black "ENGLISCH, Caroline"]
[Result "0-1"]
[WhiteElo "1308"]
[BlackElo "1211"]
[PlyCount "122"]

1. d4 Nf6 2. c4 g6 3. a3 Bg7 4. Nf3 O-O 5. e3 d6 6. h3 c5 7. Bd2 Bf5 8. Bc3 a6
9. Bd3 Bxd3 10. Qxd3 Nfd7 11. Nbd2 e5 12. dxe5 dxe5 13. Qd5 Nc6 14. O-O Nb6 15.
Qxc5 Na4 16. Qd5 Nxc3 17. bxc3 Re8 18. Ne4 Qxd5 19. cxd5 Ne7 20. c4 f5 21. Nd6
e4 22. Nd4 Reb8 23. Rab1 b6 24. Rb3 Be5 25. c5 bxc5 26. Rxb8+ Rxb8 27. Nc4 Bxd4
28. exd4 cxd4 29. d6 Nd5 30. Ne5 Re8 31. d7 Rd8 32. Rc1 Nb6 33. Rc7 Kf8 34. Nc6
Rxd7 35. Rxd7 Nxd7 36. Nxd4 Ke7 37. Kf1 Ne5 38. Ke2 Nd3 39. Ke3 Kd6 40. f3 Kd5
41. Ne2 Ne1 42. fxe4+ fxe4 43. g4 Nc2+ 44. Kf4 e3 45. a4 a5 46. Kg5 Ke4 47. Kh6
Kf3 48. Nc3 Kg3 49. Kxh7 Kxh3 50. g5 Kg4 51. Kxg6 Nd4 52. Kf6 e2 53. Nxe2 Nxe2
54. g6 Nf4 55. g7 Nh5+ 56. Kg6 Nxg7 57. Kxg7 Kf4 58. Kf6 Ke4 59. Ke6 Kd4 60.
Kd6 Kc4 61. Kc6 Kb4 0-1

[Event "Gorges - Open B"]
[Site "?"]
[Date "2017.07.09"]
[Round "5"]
[White "RAYNOND, Mathis"]
[Black "AUPERIN, Hélène"]
[Result "1-0"]
[WhiteElo "1019"]
[BlackElo "1246"]
[PlyCount "97"]

1. e4 d5 2. exd5 Nf6 3. Nf3 Nxd5 4. Bc4 e6 5. O-O Bd6 6. Re1 O-O 7. d4 Nc6 8.
Nc3 Nxc3 9. bxc3 Re8 10. a4 Qd7 11. Ba3 Bxa3 12. Rxa3 e5 13. d5 Na5 14. Bb5 Qd6
15. Bxe8 Qxa3 16. Rxe5 Qxc3 17. Bb5 Bg4 18. Re3 Qc5 19. Qd2 Rd8 20. Qxa5 Bxf3
21. Rxf3 Qxd5 22. Qxc7 Qd1+ 23. Bf1 h6 24. Qxf7+ Kh7 25. Rd3 Rxd3 26. cxd3 Qxa4
27. Qxb7 a5 28. Qe4+ Qxe4 29. dxe4 a4 30. Bc4 Kg6 31. f4 Kf6 32. Kf2 Kg6 33.
Ke3 Kf6 34. Kd4 g5 35. fxg5+ hxg5 36. e5+ Kf5 37. e6 Kf4 38. e7 a3 39. e8=Q a2
40. Bxa2 Kg4 41. Ke4 Kh4 42. Qg8 g4 43. Kf4 g3 44. Qxg3+ Kh5 45. Qg4+ Kh6 46.
Qg5+ Kh7 47. Kf5 Kh8 48. Kf6 Kh7 49. Qg7# 1-0

[Event "Gorges - Open B"]
[Site "?"]
[Date "2017.07.09"]
[Round "5"]
[White "ALACHTAR, Socrate"]
[Black "PAQUEREAU, Quentin"]
[Result "1-0"]
[WhiteElo "1528"]
[BlackElo "1040"]
[PlyCount "39"]

1. d4 e5 2. d5 d6 3. e4 Nf6 4. Nc3 Be7 5. Be2 O-O 6. f4 Bd7 7. Nf3 c6 8. O-O
cxd5 9. exd5 Bf5 10. fxe5 dxe5 11. Nxe5 Bc5+ 12. Kh1 g6 13. Bg5 Nbd7 14. Rxf5
gxf5 15. Nxd7 Qxd7 16. Bxf6 Be7 17. Bd4 Rad8 18. Qe1 f6 19. Qg3+ Kf7 20. Bh5#
1-0